Dinosaurs. (Record no. 111916)
[ view plain ]
| 000 -LEADER | |
|---|---|
| fixed length control field | 00358nam a2200145 a 4500 |
| 005 - DATE AND TIME OF LATEST TRANSACTION | |
| control field | 20140414131924.0 |
| 008 - FIXED-LENGTH DATA ELEMENTS--GENERAL INFORMATION | |
| fixed length control field | 101026s19uu xx 00 eng d |
| 050 ## - LIBRARY OF CONGRESS CALL NUMBER | |
| Classification number | ER |
| Item number | D61 2003 |
| 100 ## - MAIN ENTRY--PERSONAL NAME | |
| Personal name | Turnbull, Stephanie |
| 245 ## - TITLE STATEMENT | |
| Title | Dinosaurs. |
| 260 ## - PUBLICATION, DISTRIBUTION, ETC. (IMPRINT) | |
| Place of publication, distribution, etc | New York : |
| Name of publisher, distributor, etc | Scholastic , |
| Date of publication, distribution, etc | 2003. |
| 440 ## - SERIES STATEMENT/ADDED ENTRY--TITLE | |
| Title | Usborne Beginners |
| Withdrawn status | Lost status | Damaged status | Home library | Current library | Shelving location | Date acquired | Total Checkouts | Full call number | Barcode | Date last seen | Price effective from | Koha item type |
|---|---|---|---|---|---|---|---|---|---|---|---|---|
| Munich Library | Munich Library | Easy Reading Section | 10/26/2010 | ER D61 2003 | M2851 | 04/14/2014 | 04/14/2014 | Books | ||||
| Munich Library | Munich Library | Easy Reading Section | 01/24/2011 | ER D61 2003 | M3795 | 04/14/2014 | 04/14/2014 | Books |